• AIU
  • Tony Wilmot Memorial Library

History of Syria, (Record no. 58158)

MARC details
000 -LEADER
fixed length control field 00765cam a22002531 4500
001 - CONTROL NUMBER
control field 9305732
003 - CONTROL NUMBER IDENTIFIER
control field OSt
005 - DATE AND TIME OF LATEST TRANSACTION
control field 20131030122301.0
008 - FIXED-LENGTH DATA ELEMENTS--GENERAL INFORMATION
fixed length control field 791010s1951 enkabc b 000 0 eng
010 ## - LIBRARY OF CONGRESS CONTROL NUMBER
LC control number 51010100
035 ## - SYSTEM CONTROL NUMBER
System control number (OCoLC)5510718
040 ## - CATALOGING SOURCE
Original cataloging agency DLC
Transcribing agency KyRE
Modifying agency OCoLC
-- DLC
042 ## - AUTHENTICATION CODE
Authentication code premarc
050 00 - LIBRARY OF CONGRESS CALL NUMBER
Classification number DS95
Item number .H5
082 ## - DEWEY DECIMAL CLASSIFICATION NUMBER
Classification number 956.9
100 1# - MAIN ENTRY--PERSONAL NAME
Personal name Hitti, Philip K.
Fuller form of name (Philip Khuri),
Dates associated with a name 1886-1978.
9 (RLIN) 23408
245 10 - TITLE STATEMENT
Title History of Syria,
Remainder of title including Lebanon and Palestine.
260 ## - PUBLICATION, DISTRIBUTION, ETC. (IMPRINT)
Place of publication, distribution, etc London,
Name of publisher, distributor, etc Macmillan,
Date of publication, distribution, etc 1951.
300 ## - PHYSICAL DESCRIPTION
Extent xxv, 749 p.
Other physical details illus. (part col.) ports., maps (1 fold.)
Dimensions 23 cm.
504 ## - BIBLIOGRAPHY, ETC. NOTE
Bibliography, etc Bibliographical footnotes.
651 #0 - SUBJECT ADDED ENTRY--GEOGRAPHIC NAME
Geographic name Syria
General subdivision History.
9 (RLIN) 23409
906 ## - LOCAL DATA ELEMENT F, LDF (RLIN)
a 7
b cbc
c oclcrpl
d u
e ncip
f 19
g y-gencatlg
942 ## - ADDED ENTRY ELEMENTS (KOHA)
Source of classification or shelving scheme Library of Congress Classification
Koha item type Books
Holdings
Withdrawn status Lost status Source of classification or shelving scheme Damaged status Not for loan Collection code Home library Current library Shelving location Date acquired Source of acquisition Cost, normal purchase price Total Checkouts Full call number Barcode Date last seen Copy number Price effective from Koha item type
    Library of Congress Classification     General Circulation AIU/NEGST - Tony Wilmot Memorial Library AIU/NEGST - Tony Wilmot Memorial Library General Stacks 10/30/2013 Donation- TBN 50.00   DS 95.H5 1951 R28160F3232 09/02/2019 1 10/30/2013 Books